[Event "12th Open"]
[Site "Dubai UAE"]
[Date "2010.04.07"]
[Round "3"]
[White "Arun Prasad,S"]
[Black "Makropoulou,M"]
[Result "0-1"]
[WhiteElo "2549"]
[BlackElo "2225"]

1.d4 Nf6 2.c4 e6 3.g3 d5 4.Nf3 Be7 5.Bg2 O-O 6.O-O c6 7.Qc2 Nbd7 8.Rd1 b6
9.Nbd2 Ba6 10.b3 Rc8 11.e4 c5 12.e5 Ng4 13.cxd5 exd5 14.Qf5 Nh6 15.Qf4 g5
16.Nxg5 Bxg5 17.Qf3 cxd4 18.Qh5 Nxe5 19.h4 Bf6 20.Qxh6 Be2 21.Ba3 Bg7 22.Qg5 h6
23.Qxd8 Rfxd8 24.Rdc1 d3 25.f3 Rc2 26.Rxc2 dxc2 27.Rc1 Rc8 28.Kf2 Ba6 29.Bh3 Nd3+
30.Kg2 Rc7  0-1

[Event "Sydney Int Open"]
[Site "Parramatta AUS"]
[Date "2010.04.07"]
[Round "1"]
[White "Castor,D"]
[Black "Ruan,H"]
[Result "1-0"]
[WhiteElo "2131"]
[BlackElo "1801"]

1.d4 d5 2.c4 e6 3.Nf3 Nf6 4.g3 Be7 5.Bg2 O-O 6.O-O Nbd7 7.Qc2 b6 8.Ne5 Bb7
9.cxd5 Nxd5 10.Nc6 Bxc6 11.Qxc6 N7f6 12.a3 Qd7 13.Qxd7 Nxd7 14.e4 N5f6 15.Nc3 c6
16.h3 Rac8 17.Rd1 Rfd8 18.Be3 h6 19.f4 Nf8 20.Bf3 Rd7 21.Kg2 Rdd8 22.Bf2 Rd7
23.Rac1 Rdd8 24.Ne2 N8d7 25.Nc3 Nf8 26.Kh2 Rd7 27.Ne2 Rdd8 28.g4 Rd7 29.h4 Kh8
30.g5 Ng8 31.Bg4 Rdd8 32.Be3 Bd6 33.Kh3 Be7 34.Ng1 Nh7 35.Nf3 Bd6 36.Ne5 Bxe5
37.dxe5 c5 38.Rd6 Rxd6 39.exd6 Rd8 40.e5 Nf8 41.b4 Nd7 42.bxc5 bxc5 43.Bxc5 Rc8
44.Be3 Rxc1 45.Bxc1 g6 46.Be3 a6 47.Be2 hxg5 48.hxg5 a5 49.Bb5  1-0

[Event "12th Open"]
[Site "Dubai UAE"]
[Date "2010.04.08"]
[Round "4"]
[White "Harutjunyan,G"]
[Black "Mamedjarova,T"]
[Result "1-0"]
[WhiteElo "2476"]
[BlackElo "2269"]

1.d4 d5 2.Nf3 Nf6 3.c4 e6 4.g3 Be7 5.Bg2 O-O 6.O-O Nbd7 7.Qc2 Ne4 8.b3 f5
9.Bb2 c6 10.Nbd2 Ndf6 11.Ne5 Nxd2 12.Qxd2 Qe8 13.a4 Qh5 14.Ba3 Bxa3 15.Rxa3 Ng4
16.Nf3 Qh6 17.e3 Qf6 18.a5 dxc4 19.bxc4 e5 20.h3 e4 21.hxg4 exf3 22.Bxf3 fxg4
23.Bg2 Qe7 24.Rb3 Rf6 25.e4 Rh6 26.Re1 Rh5 27.e5 h6 28.e6 Bxe6 29.Qe2 Re8
30.Re3  1-0

[Event "IV Open"]
[Site "La Laguna ESP"]
[Date "2010.04.08"]
[Round "5"]
[White "Gleizerov,E"]
[Black "Pinto Henriquez,R"]
[Result "1-0"]
[WhiteElo "2565"]
[BlackElo "2212"]

1.d4 Nf6 2.c4 e6 3.g3 d5 4.Nf3 Be7 5.Bg2 O-O 6.O-O dxc4 7.Nc3 Nd5 8.e4 Nxc3
9.bxc3 b6 10.Nd2 Bb7 11.Nxc4 Nd7 12.Re1 Re8 13.h4 Bf8 14.Bf4 Ba6 15.Qb3 Bxc4
16.Qxc4 e5 17.Bg5 Be7 18.f4 Bxg5 19.hxg5 exf4 20.gxf4 Nf8 21.e5 Rc8 22.Bc6 Re6
23.Bb7 Rb8 24.Bd5 Re7 25.Rf1 c5 26.Be4 cxd4 27.cxd4 Rc8 28.Qd3 Rec7 29.d5 Rc3
30.Qe2 Qc7 31.Rf3 Qc5+ 32.Kg2 Rc4 33.Re1 Ng6 34.Kg3 Qa5 35.e6 Rc3 36.d6 Rxf3+
37.Bxf3 Qf5 38.Qd2 fxe6 39.Bg4 Qc2 40.Bxe6+ Kf8 41.Qxc2 Rxc2 42.f5 Nh8 43.d7 Rd2
44.Rc1 Ke7 45.Rc8 Nf7 46.Re8+ Kd6  1-0

[Event "9th Asian Continental"]
[Site "Olongapo City PHI"]
[Date "2010.04.21"]
[Round "1"]
[White "Sethuraman,S"]
[Black "Legaspi,R"]
[Result "1-0"]
[WhiteElo "2493"]
[BlackElo "2314"]

1.Nf3 Nf6 2.c4 e6 3.g3 d5 4.d4 Be7 5.Bg2 O-O 6.O-O c6 7.Qc2 Nbd7 8.Bf4 b6
9.Rd1 Bb7 10.Nc3 Rc8 11.Ne5 Nxe5 12.dxe5 Nd7 13.cxd5 cxd5 14.e4 g5 15.Be3 Nxe5
16.exd5 exd5 17.Qf5 Ng6 18.Bxd5  1-0

[Event "9th Asian Continental"]
[Site "Olongapo City PHI"]
[Date "2010.04.22"]
[Round "2"]
[White "Harika,D"]
[Black "De Ramos,Ju"]
[Result "1/2-1/2"]
[WhiteElo "2473"]
[BlackElo "2314"]

1.Nf3 Nf6 2.c4 e6 3.g3 d5 4.d4 Be7 5.Bg2 O-O 6.O-O dxc4 7.Qc2 a6 8.Qxc4 b5
9.Qc2 Bb7 10.Bf4 Bd6 11.Nbd2 Nbd7 12.Rfd1 Qe7 13.Bg5 c5 14.dxc5 Bxc5 15.Nb3 Bb6
16.e3 Rac8 17.Qe2 h6 18.Bxf6 Nxf6 19.Nfd4 Rfd8 20.Rac1 Ne4 21.Qg4 Nf6 22.Qe2 Ne4
23.Qg4 Nf6  1/2-1/2

[Event "TCh-ISR"]
[Site "Israel ISR"]
[Date "2010.04.23"]
[Round "7"]
[White "Mikhalevski,A"]
[Black "Zoler,D"]
[Result "1/2-1/2"]
[WhiteElo "2428"]
[BlackElo "2464"]

1.d4 Nf6 2.c4 e6 3.Nf3 d5 4.g3 Be7 5.Bg2 O-O 6.Qc2 c6 7.O-O Nbd7 8.b3 b6
9.Rd1 Ba6 10.Nbd2 Rc8 11.e4 c5 12.exd5 exd5 13.Bb2 Re8 14.Nf1 b5 15.Ne3 bxc4
16.bxc4 cxd4 17.Nxd4 Bxc4 18.Qd2 Ne5 19.Ndf5 Bf8 20.Nxc4 Rxc4 21.Ne3 Bb4
22.Qe2 Rc5 23.Bd4 Ra5 24.Qb2 Bd6 25.Bc3 Rc5 26.Nxd5 Nxd5 27.Bxd5  1/2-1/2

[Event "9th Asian Continental"]
[Site "Olongapo City PHI"]
[Date "2010.04.23"]
[Round "3"]
[White "Zhang Zhong"]
[Black "Battulga,N"]
[Result "1/2-1/2"]
[WhiteElo "2603"]
[BlackElo "2357"]

1.d4 d5 2.c4 e6 3.Nf3 Nf6 4.g3 Be7 5.Bg2 O-O 6.O-O dxc4 7.Qc2 a6 8.a4 Bd7
9.Rd1 Bc6 10.Nc3 Nd5 11.e4 Nb4 12.Qe2 Nd3 13.Be3 Bb4 14.Ne5 Bxc3 15.bxc3 Nxe5
16.dxe5 Nd7 17.a5 Qe7 18.f4 Bb5 19.Bd4 Rae8 20.Qg4 c5 21.Be3 f6 22.exf6 Nxf6
23.Qg5 e5 24.Re1 Bc6 25.fxe5 Nd7 26.Qxe7 Rxe7 27.Rad1 Rfe8 28.Re2 Rxe5 29.Bf4 R5e7
30.Bd6 Re6 31.Bh3 Rxe4 32.Rxe4 Rxe4 33.Bxd7 Bxd7 34.Bxc5 Bc6 35.Kf2 Re5 36.Bb6 Rb5
37.Rd8+ Kf7 38.Ke3 Rb2 39.Rd2  1/2-1/2

[Event "Open"]
[Site "Bar MNE"]
[Date "2010.04.24"]
[Round "9"]
[White "Stanojevic,B"]
[Black "Scekic,V"]
[Result "0-1"]
[WhiteElo "2288"]
[BlackElo "2132"]

1.d4 d5 2.c4 e6 3.Nf3 Nf6 4.g3 Be7 5.Bg2 O-O 6.O-O b6 7.Ne5 Bb7 8.Nc3 Nbd7
9.Qa4 Nxe5 10.dxe5 Ne4 11.cxd5 Nxc3 12.bxc3 exd5 13.c4 c6 14.cxd5 cxd5 15.Bb2 Qe8
16.Qb3 Qd7 17.Rad1 Rfd8 18.Rd3 Bc5 19.Rfd1 Qf5 20.e3 Rd7 21.R1d2 Rad8 22.h4 h6
23.a3 Bc6 24.Qd1 Qe6 25.Kh2 Qe7 26.f4 Bb5 27.Rd4 Bxa3 28.Bxa3 Qxa3 29.Rxd5 Rxd5
30.Rxd5 Rxd5 31.Qxd5 Qc5 32.Qa8+ Kh7 33.Qe4+ Kg8 34.e6 f5 35.Qb7 Be8 36.e4 fxe4
37.Bxe4 b5 38.Qa8 Kf8 39.Kh3 Ke7 40.f5 b4 41.g4 Kf8 42.g5 Qe3+ 43.Kg2 hxg5
44.Bc6 Qd2+ 45.Kh1 Qc1+  0-1

[Event "Open"]
[Site "Bar MNE"]
[Date "2010.04.24"]
[Round "9"]
[White "Cioara,A"]
[Black "Lekic,D"]
[Result "1-0"]
[WhiteElo "2430"]
[BlackElo "2396"]

1.d4 Nf6 2.c4 e6 3.g3 d5 4.Nf3 Be7 5.Bg2 O-O 6.O-O dxc4 7.Qc2 a6 8.a4 Bd7
9.Qxc4 Bc6 10.Bg5 Bd5 11.Qd3 c5 12.Nc3 Bc6 13.Rfd1 Qa5 14.Bd2 cxd4 15.Nxd4 Bxg2
16.Kxg2 Nbd7 17.e4 Bb4 18.Nc2 Rfd8 19.Qc4 Be7 20.Qe2 Qb6 21.a5 Qc6 22.Nd4 Qc7
23.Rac1 Nc5 24.Be1 Rac8 25.Na4 Qe5 26.Nxc5 Bxc5 27.Nf3 Qxe4 28.Qxe4 Nxe4
29.Rxd8+ Rxd8 30.Nd2 Nxf2 31.Rxc5 Nd3 32.Rc7 Nxe1+ 33.Kf1 Nd3 34.Rxb7 f5
35.Nc4 Rd4 36.b3 Nc5 37.Rb6 Kf7 38.Ne5+ Kf6 39.Nc6 Rd2 40.b4 Nd3 41.Nd8 Ke7
42.Nxe6 g6 43.Nd4 Rf2+ 44.Kg1 Rb2 45.Rxa6 Ne5 46.Re6+  1-0

[Event "9th Asian Continental"]
[Site "Olongapo City PHI"]
[Date "2010.04.24"]
[Round "4"]
[White "Rahman,Zia"]
[Black "Habla,J"]
[Result "1-0"]
[WhiteElo "2558"]
[BlackElo "2316"]

1.d4 d5 2.Nf3 Nf6 3.c4 e6 4.g3 Be7 5.Bg2 O-O 6.O-O c6 7.Nc3 Nbd7 8.b3 Qa5
9.Bd2 Qa6 10.cxd5 exd5 11.a4 Qa5 12.Qc2 Qd8 13.a5 a6 14.Ne1 Re8 15.Nd3 Bd6
16.Bf4 Bxf4 17.Nxf4 Nf8 18.b4 Qd6 19.Rab1 g6 20.Rb2 Bf5 21.Qd1 h5 22.e3 Re7
23.Nd3 Ng4 24.Nc5 Rae8 25.Re1 Nf6 26.Qf3 Kg7 27.Qf4 Qd8 28.f3 Ne6 29.Nxe6+ Rxe6
30.Na4 Nh7 31.Nc5 R6e7 32.g4 Bc8 33.gxh5 g5 34.Qb8 Rxe3 35.Rxe3 Rxe3 36.Kf2 Qe8
37.Qd6 Re1 38.h6+ Kg8 39.Kg3 Qe3 40.Qd8+  1-0

[Event "9th Asian Continental"]
[Site "Olongapo City PHI"]
[Date "2010.04.26"]
[Round "6"]
[White "Turqueza,M"]
[Black "De Ramos,Ju"]
[Result "1/2-1/2"]
[WhiteElo "2087"]
[BlackElo "2314"]

1.d4 Nf6 2.c4 e6 3.Nf3 d5 4.g3 Be7 5.Bg2 O-O 6.O-O dxc4 7.Qc2 a6 8.Qxc4 b5
9.Qc2 Bb7 10.Bd2 Be4 11.Qc1 Bb7 12.Bf4 Nd5 13.Nc3 Nxf4 14.Qxf4 Nd7 15.Rfd1 Bd6
16.Qh4 Be7 17.Qf4 Ra7 18.Rac1 Qa8 19.a3 c5 20.dxc5 Nxc5 21.b4 Ne4 22.Rd7 Nxc3
23.Rxc3 Bd8 24.Qe3 a5 25.Ne5 axb4 26.Nxf7 Bxg2 27.Rxa7 bxc3 28.Rxa8 Bxa8
29.Nxd8 Rxd8 30.f3 c2 31.Kf2 Bd5 32.Qc3 Bb3 33.h4 h6 34.h5 Kh8 35.g4 Rd1
36.Qc8+ Kh7 37.g5 hxg5 38.Qe8 e5 39.Qg6+ Kh8 40.h6 Rf1+ 41.Kg2 Rg1+ 42.Kf2 gxh6
43.Qxh6+ Kg8 44.Qg6+ Kh8 45.Qe8+ Kh7 46.Qd7+ Kh6 47.Qc6+ Kh5 48.Kxg1 Bc4
49.Qe8+ Kh6 50.Qf8+ Kh5  1/2-1/2

[Event "9th Asian Continental"]
[Site "Olongapo City PHI"]
[Date "2010.04.28"]
[Round "8"]
[White "Harika,D"]
[Black "Khamrakulov,D"]
[Result "1/2-1/2"]
[WhiteElo "2473"]
[BlackElo "2509"]

1.Nf3 d5 2.c4 e6 3.g3 Nf6 4.d4 Be7 5.Bg2 O-O 6.O-O dxc4 7.Qc2 a6 8.Qxc4 b5
9.Qc2 Bb7 10.Bg5 Nbd7 11.Bxf6 Nxf6 12.Nbd2 Rc8 13.Nb3 Be4 14.Qc3 Nd5 15.Qd2 c5
16.dxc5 Bxc5 17.Nxc5 Rxc5 18.Rac1 Rxc1 19.Rxc1 Qa8 20.Qd4 Nf6 21.Qc5 h6 22.h3 Rd8
23.Kh2 Bb7 24.Qe3 Be4 25.Qc5 Bb7 26.Qe3 Be4 27.Qc5  1/2-1/2

[Event "TOP 16 GpB"]
[Site "Mulhouse FRA"]
[Date "2010.04.30"]
[Round "5"]
[White "Tkachiev,V"]
[Black "Svetushkin,D"]
[Result "1/2-1/2"]
[WhiteElo "2639"]
[BlackElo "2554"]

1.d4 Nf6 2.c4 e6 3.g3 d5 4.Bg2 Be7 5.Nf3 O-O 6.O-O dxc4 7.Qc2 a6 8.a4 Bd7
9.Qxc4 Bc6 10.Bg5 Bd5 11.Qd3 Be4 12.Qd1 h6 13.Bxf6 Bxf6 14.Nc3 Bxf3 15.Bxf3 c6
16.Qb3 Ra7 17.a5 Nd7 18.Rfd1 Qc7  1/2-1/2

[Event "TOP 16 GpB"]
[Site "Mulhouse FRA"]
[Date "2010.05.02"]
[Round "7"]
[White "Pucher,O"]
[Black "Roos,Louis1"]
[Result "1/2-1/2"]
[WhiteElo "2342"]
[BlackElo "2360"]

1.d4 d5 2.c4 e6 3.Nf3 Nf6 4.g3 Be7 5.Bg2 O-O 6.O-O c6 7.Nbd2 b6 8.Qc2 a5
9.Ne5 Bb7 10.Rd1 Na6 11.b3 Rc8 12.Bb2 c5 13.Rac1 cxd4 14.Bxd4 Ba3 15.Bb2 Qe7
16.Qb1 h6 17.cxd5 exd5 18.Ndf3 Bxb2 19.Qxb2 Nc5 20.Bh3 Rcd8 21.Nd3 d4 22.Bg2 Rfe8
23.Nxd4  1/2-1/2

[Event "ch-CZE"]
[Site "Ostrava CZE"]
[Date "2010.05.02"]
[Round "2"]
[White "Cernousek,L"]
[Black "Splichal,S"]
[Result "1-0"]
[WhiteElo "2408"]
[BlackElo "2219"]

1.d4 d5 2.c4 e6 3.Nf3 Nf6 4.g3 Be7 5.Bg2 O-O 6.O-O Nbd7 7.Qc2 c6 8.Nbd2 b6
9.e4 Bb7 10.e5 Ne8 11.cxd5 cxd5 12.Re1 Qc7 13.Qb3 Ba6 14.Nf1 Nb8 15.h4 Nc6
16.Bg5 Na5 17.Qd1 h6 18.Rc1 Qd7 19.Bxe7 Qxe7 20.Qa4 Bc8 21.Ne3 Bd7 22.Qd1 Rc8
23.Bf1 Nc7 24.Bd3 Rfd8 25.Bb1 Be8 26.Ng4 Qf8 27.Rc3 f5 28.exf6 gxf6 29.Qc2 Qg7
30.Nxf6+ Qxf6 31.Qh7+ Kf8 32.Ne5  1-0

[Event "FSIMA May"]
[Site "Budapest HUN"]
[Date "2010.05.03"]
[Round "3"]
[White "To,N"]
[Black "Tran,T"]
[Result "0-1"]
[WhiteElo "2413"]
[BlackElo "2210"]

1.d4 e6 2.c4 Nf6 3.g3 d5 4.Nf3 Be7 5.Bg2 O-O 6.O-O c6 7.Qc2 b6 8.Nbd2 Bb7
9.b3 Na6 10.Rd1 Qc8 11.Bb2 Nb4 12.Qb1 Rd8 13.a3 Na6 14.b4 Nc7 15.c5 bxc5
16.dxc5 Nd7 17.Nb3 Bf6 18.Bxf6 Nxf6 19.Qc2 Nce8 20.Na5 Rb8 21.Ne5 Nd7 22.Nxd7 Qxd7
23.e4 Rdc8 24.Bf1 Qc7 25.Bd3 g6 26.Qe2 Rd8 27.e5 Bc8 28.Re1 Ng7 29.Qd2 Bd7
30.Rad1 Be8 31.Qh6 Qe7 32.Re3 f5 33.f4 Nh5 34.Be2 Qg7 35.Qxg7+ Nxg7 36.Ba6 h6
37.Bb7 g5 38.Rd4 gxf4 39.gxf4 Kh7 40.Kf2 Nh5 41.Bxc6 Bf7 42.Bb7 Rd7 43.c6 Rc7
44.b5 Rg8 45.Nb3 Be8 46.Rf3 Rcg7 47.Ke3 Rg1 48.Kd2 R1g2+ 49.Kc3 Rxh2 50.Kb4 Rb2
51.Bc8 Ng7 52.Rc3 h5 53.Bb7 h4 54.Rh3 Nh5 55.c7 Bd7 56.Rxh4 Kh6 57.Rd3 Rg4
58.Rxg4 fxg4 59.Rd2 Rb1 60.Kc3 g3 61.Kc2 Rf1 62.Nc5 Rxf4 63.Nxd7 Rc4+ 64.Kd1 Rxc7
65.Bc6 Nf4 66.Ke1 a6 67.Rd4 g2 68.Kf2 g1=Q+ 69.Kxg1 Ne2+ 70.Kf2 Nxd4 71.b6 Rxc6
72.b7 Rc2+ 73.Ke3 Nc6 74.b8=Q Nxb8 75.Nxb8 Rc3+ 76.Kd4 Rc4+ 77.Kd3 Ra4  0-1

[Event "TCh-ISR"]
[Site "Israel ISR"]
[Date "2010.05.07"]
[Round "9"]
[White "Botvinnik,M ISR"]
[Black "Grinshpun,E"]
[Result "0-1"]
[WhiteElo "2339"]
[BlackElo "2410"]

1.d4 Nf6 2.c4 e6 3.g3 d5 4.Nf3 Be7 5.Bg2 O-O 6.O-O b6 7.Nc3 Bb7 8.cxd5 exd5
9.Bf4 Na6 10.Rc1 h6 11.Re1 Re8 12.Ne5 Bf8 13.a3 c5 14.dxc5 Nxc5 15.b4 Ne6
16.Nb5 Ne4 17.Nc6 Bxc6 18.Rxc6 Qd7 19.Bxe4 Nxf4 20.gxf4 Rxe4 21.Qc1 Qg4+
22.Kh1 Rxe2 23.Rxe2 Qxe2 24.Nc7 Rd8 25.Qe3 Qf1+  0-1

[Event "ch-CZE"]
[Site "Ostrava CZE"]
[Date "2010.05.07"]
[Round "7"]
[White "Hausner,I"]
[Black "Danes,J"]
[Result "1-0"]
[WhiteElo "2451"]
[BlackElo "2261"]

1.c4 e6 2.g3 d5 3.Bg2 Nf6 4.Nf3 Be7 5.d4 O-O 6.O-O dxc4 7.Qa4 a6 8.Qxc4 b5
9.Qc2 Bb7 10.Bf4 Bd6 11.Nbd2 Nc6 12.Nb3 Nb4 13.Qd1 Be4 14.Qd2 Nbd5 15.Rfc1 h6
16.Nc5 Nxf4 17.gxf4 Bd5 18.Nd3 a5 19.e3 Ra6 20.Qe2 Qa8 21.Nfe1 Rc6 22.Bxd5 exd5
23.Nf3 Rxc1+ 24.Rxc1 Qc8 25.Nfe5 Qf5 26.Kh1 Kh8 27.Rg1 g5 28.fxg5 hxg5 29.Qf3 Qxf3+
30.Nxf3 Ne4 31.Nxg5 f6 32.Nf3 b4 33.Nh4 Rc8 34.Nf5 b3 35.a4 Nd2 36.Rg6  1-0

[Event "ch-Commonwealth"]
[Site "Delhi IND"]
[Date "2010.05.12"]
[Round "4"]
[White "Md.,Ir"]
[Black "Himanshu,Sh"]
[Result "0-1"]
[WhiteElo "2124"]
[BlackElo "2440"]

1.d4 Nf6 2.c4 e6 3.Nf3 d5 4.g3 Be7 5.Bg2 O-O 6.O-O c6 7.Ne5 b6 8.b3 Bb7 9.Bb2 Nbd7
10.Nd2 Rc8 11.Rc1 c5 12.cxd5 Nxd5 13.Ne4 f5 14.Nc3 Nxe5 15.dxe5 Nxc3 16.Rxc3 Bxg2
17.Kxg2 Qc7 18.Rf3 Rcd8 19.Qc2 Qd7 20.Bc3 Qd5 21.Kg1 c4 22.bxc4 Qxc4 23.Qb3 Qxb3
24.axb3 Rd5 25.Ra1 a5 26.Ra4 Rc8 27.Kg2 Rb5 28.Bd4 Bb4 29.Ra2 Rc6 30.Rd3 Rd5
31.e3 Kf7 32.Kf3 g6 33.Ke2 Ke8 34.Kd1 Kd7 35.Rc2 b5 36.f3 Rxc2 37.Kxc2 Kc6
38.Rd1 Kb7 39.Kd3 Bc5 40.Ra1 Kb6 41.b4 axb4 42.Ra8 b3 43.Ra1 g5 44.f4 gxf4
45.gxf4 Rd7 46.Kc3 b2 47.Rb1 Ra7 48.Kxb2 Ra4 49.Rd1 Bxd4+ 50.exd4 Kc6 51.Rc1+ Kd7
52.Rg1 Rxd4 53.Rg7+ Kc6 54.Re7 Kd5 55.Rd7+ Kc5 56.Re7 Rxf4 57.Rxe6 Rf2+ 58.Kb3 Rxh2
59.Rf6 Rh3+ 60.Kc2 Rh5 61.Kd3 b4 62.Rd6 Rh3+  0-1

[Event "BEL-VSF"]
[Site "Gent BEL"]
[Date "2010.05.13"]
[Round "1"]
[White "Van der Stricht,G"]
[Black "Van Herck,M"]
[Result "1/2-1/2"]
[WhiteElo "2400"]
[BlackElo "2106"]

1.d4 Nf6 2.c4 e6 3.g3 d5 4.Nf3 Be7 5.Bg2 O-O 6.O-O dxc4 7.Qc2 a6 8.Qxc4 b5
9.Qc2 Bb7 10.Bd2 Be4 11.Qc1 b4 12.Bf4 Nd5 13.a3 c5 14.dxc5 Qa5 15.Bd6 Rc8
16.Bxe7 Nxe7 17.Qf4 Bxf3 18.Bxf3 Nbc6 19.Nd2 Qxc5 20.axb4 Qb6 21.e3 Rab8
22.Nc4 Qxb4 23.Rfc1 Nd5 24.Qd6 Qb7 25.Qa3 Ncb4 26.Nd6 Rxc1+ 27.Rxc1 Qd7 28.Ne4 Rc8
29.Rd1 Qc7 30.Qa4 Qc2 31.Qd7 Rf8 32.Rd2 Qc1+ 33.Kg2 Nc6 34.Rd1 Qc2 35.Rd2 Qc1
36.Rxd5 exd5 37.Qxd5 Nb4 38.Qb3 a5 39.Qa4 Nd3 40.Be2 Qc2 41.Qxc2 Ne1+ 42.Kf1 Nxc2
43.Bc4 Re8 44.Nd6 Re7 45.e4 Kf8 46.b3 f6 47.Bb5 Nd4 48.Ba4 Rc7 49.Nc4 Rc5
50.f4 Ke7 51.Kf2 Nb5 52.Nxa5 Nc3 53.Nc6+ Kd6 54.e5+ fxe5 55.fxe5+ Kd5 56.Nb4+ Ke6
57.Nd3 Nxa4 58.bxa4 Rc2+ 59.Ke3 Rxh2 60.Kd4 h5 61.a5 Kd7 62.a6 Ra2 63.Kd5 g5
64.Ke4 h4 65.gxh4 gxh4 66.Nf4 Rxa6 67.Kf5 Ra5  1/2-1/2

[Event "ch-Commonwealth"]
[Site "Delhi IND"]
[Date "2010.05.15"]
[Round "8"]
[White "Maletin,P"]
[Black "Kravtsiv,M"]
[Result "1-0"]
[WhiteElo "2584"]
[BlackElo "2546"]

1.d4 Nf6 2.c4 e6 3.g3 d5 4.Nf3 Be7 5.Bg2 O-O 6.O-O dxc4 7.Qc2 a6 8.Qxc4 b5
9.Qc2 Bb7 10.Bd2 Be4 11.Qc1 Bb7 12.Bf4 Nd5 13.Nc3 Nxf4 14.Qxf4 Nd7 15.Rfd1 Bd6
16.Qe3 Nb6 17.Ne1 Bxg2 18.Kxg2 b4 19.Ne4 Nd5 20.Qb3 f5 21.Nd2 c5 22.dxc5 Bxc5
23.Nd3 Be7 24.Rac1 Rc8 25.Qa4 Qb6 26.Qd7 Rcd8 27.Qc6 a5 28.Nb3 Bf6 29.Qxb6 Nxb6
30.Nxa5 Ra8 31.Nc4 Nxc4 32.Rxc4 Rfb8 33.Rxb4 Rxb4 34.Nxb4 Bxb2 35.Nd3 Bf6
36.Rd2 e5 37.Nc5 e4 38.e3 Kf7 39.h3 h5 40.h4 Ra5 41.Nb3 Ra7 42.Rc2 g6 43.Nc1 Ra6
44.Ne2 Be5 45.Nf4 Ra5 46.Kf1 Rb5 47.Ne2 Rb1+ 48.Kg2 Rb5 49.a4 Ra5 50.Rc4 g5
51.hxg5 Kg6 52.Nf4+ Kxg5 53.Rc5 Rxc5 54.Ne6+ Kg4 55.Nxc5 Bc7 56.Nb3 h4 57.gxh4 f4
58.a5 Kxh4 59.a6 Bb6 60.Nd4 Kg4 61.Kf1 Kh3 62.exf4 Kg4 63.f5 Kg5 64.Nc6 e3  1-0

[Event "TCh-UKR Clubs"]
[Site "Alushta UKR"]
[Date "2010.05.16"]
[Round "6"]
[White "Zubov,A UKR"]
[Black "Aveskulov,V"]
[Result "1/2-1/2"]
[WhiteElo "2586"]
[BlackElo "2534"]

1.d4 d5 2.c4 e6 3.Nf3 Nf6 4.g3 Be7 5.Bg2 O-O 6.O-O dxc4 7.Qc2 a6 8.Qxc4 b5
9.Qc2 Bb7 10.Bd2 Ra7 11.a3 Be4 12.Qc1 Nbd7 13.Ba5 Qa8 14.b4  1/2-1/2

[Event "Municipality Cup"]
[Site "Tbilisi GEO"]
[Date "2010.05.18"]
[Round "4"]
[White "Khazhomia,S"]
[Black "Khukhashvili,S"]
[Result "0-1"]
[WhiteElo "2136"]
[BlackElo "2421"]

1.d4 e6 2.c4 Nf6 3.g3 d5 4.Bg2 Be7 5.Nf3 O-O 6.O-O dxc4 7.Ne5 Nc6 8.Nxc6 bxc6
9.Bxc6 Rb8 10.Nc3 Bb7 11.Bxb7 Rxb7 12.Na4 Qd5 13.e3 Rd8 14.Qe2 c5 15.Rd1 Rbd7
16.Bd2 cxd4 17.exd4 Qc6 18.Nc3 Rxd4 19.Be3 Rd3 20.Bxa7 Bb4 21.Be3 Bxc3 22.bxc3 Ne4
23.Rdc1 Nxc3 24.Qf1 h6 25.Re1 Na4 26.Qe2 Nc3 27.Qg4 Kh7 28.Rac1 R8d7 29.a3 f5
30.Qh4 Qf3 31.Qxc4 Ne2+ 32.Rxe2 Qxe2 33.Qxe6 Qf3 34.Re1 Rd1  0-1

[Event "4th All China Games Rapid"]
[Site "Hefei CHN"]
[Date "2010.05.19"]
[Round "8"]
[White "Wang Hao"]
[Black "Xu Yuhua"]
[Result "1-0"]
[WhiteElo "2722"]
[BlackElo "2484"]

1.Nf3 Nf6 2.c4 e6 3.g3 d5 4.d4 Be7 5.Bg2 O-O 6.O-O dxc4 7.Qc2 a6 8.a4 Bd7
9.Rd1 Bc6 10.Nc3 Bxf3 11.Bxf3 Nc6 12.Bxc6 bxc6 13.a5 Rb8 14.Ra4 Rb4 15.Na2 Rxa4
16.Qxa4 Qd5 17.Nc3 Qh5 18.Qxc6 Qxa5 19.Qxc4 c5 20.dxc5 Bxc5 21.Bf4 Qb4 22.Qxb4 Bxb4
23.Bd6 Bxd6 24.Rxd6 Ra8 25.f3 Kf8 26.Na4 a5 27.Kf2 Rb8 28.Rb6 Rd8 29.Rb5 Rd5
30.Nc5 Nd7 31.Nxd7+ Rxd7 32.Rxa5 Rb7 33.Ra2 Rb3 34.Ke1 h5 35.Kd2 Ke7 36.Kc1 g5
37.Ra7+ Kf6 38.Ra3 Rb5 39.Kc2 Re5 40.e3 Rf5 41.e4 Rc5+ 42.Rc3 Rb5 43.Rc4 g4
44.f4 h4 45.b4 h3 46.Kb3 Rb8 47.Rc5 Rd8 48.b5 Rd3+ 49.Rc3 Rd1 50.Rc2 Ke7
51.e5 Kd7 52.Kb4 Rg1 53.b6 Rg2 54.Kb3 Rg1 55.Kb2  1-0

[Event "I Tancat w"]
[Site "Sabadell ESP"]
[Date "2010.05.19"]
[Round "6"]
[White "Aranaz Murillo,A"]
[Black "Chevannes,S"]
[Result "0-1"]
[WhiteElo "2161"]
[BlackElo "2047"]

1.Nf3 d5 2.d4 Nf6 3.c4 e6 4.g3 Be7 5.Bg2 O-O 6.O-O dxc4 7.Ne5 c5 8.dxc5 Qc7
9.Nxc4 Qxc5 10.Qb3 Nc6 11.Be3 Qh5 12.Nbd2 Ng4 13.Nf3 e5 14.h3 Nxe3 15.Nxe3 e4
16.Nd2 Nd4 17.Qc4 Rd8 18.Nxe4 Be6 19.Qc7 Rd7 20.g4 Nxe2+ 21.Kh2 Bxg4 22.Qc2 Bxh3
23.Bxh3 Nf4 24.Rh1 Qxh3+ 25.Kg1 Qf3 26.Rxh7 Ne2+ 27.Kf1 Nd4 28.Qd3 Nf5  0-1

[Event "ch-HUN w"]
[Site "Nagykanizsa HUN"]
[Date "2010.05.20"]
[Round "6"]
[White "Erdos,B"]
[Black "Rudolf,An"]
[Result "0-1"]
[WhiteElo "2147"]
[BlackElo "2344"]

1.d4 Nf6 2.c4 e6 3.g3 d5 4.Nf3 Be7 5.Bg2 O-O 6.O-O dxc4 7.Ne5 Nc6 8.Bxc6 bxc6
9.Nxc6 Qd6 10.Nxe7+ Qxe7 11.Qa4 e5 12.dxe5 Qxe5 13.Qxc4 Be6 14.Qd3 Rad8 15.Qe3 Qh5
16.f3 Rfe8 17.Qg5 Qh3 18.Nc3 Bc4 19.Bf4 Bxe2 20.Rf2 Bd3 21.Bxc7 Rd7 22.Bf4 Rde7
23.Bd2 Re5 24.Qh4 Qd7 25.Qa4 Qb7 26.b3 Qb6 27.Kg2 h5 28.h4 Bf5 29.Rh1 Bd7
30.Qc4 Bc6 31.Rd1 Ng4 32.Rff1 Rf5 33.Qd3 Rxf3 34.Rxf3 Qf2+  0-1

[Event "Municipality Cup"]
[Site "Tbilisi GEO"]
[Date "2010.05.21"]
[Round "7"]
[White "Benidze,D"]
[Black "Maghalashvili,Da"]
[Result "1-0"]
[WhiteElo "2493"]
[BlackElo "2461"]

1.Nf3 d5 2.d4 Nf6 3.c4 e6 4.g3 Be7 5.Bg2 O-O 6.O-O dxc4 7.Ne5 Nc6 8.Bxc6 bxc6
9.Nxc6 Qe8 10.Nxe7+ Qxe7 11.Qa4 e5 12.dxe5 Qxe5 13.Qxc4 Be6 14.Qc2 Rfe8 15.f3 Qd4+
16.e3 Qb6 17.Qf2 Bc4 18.Re1 Nd5 19.a3 Ba6 20.e4 f5 21.Qxb6 cxb6 22.Bd2 fxe4
23.fxe4 Nf6 24.Nc3 Bb7 25.e5 Nd7 26.Bf4 g5 27.e6 Nc5 28.Bxg5 Nxe6 29.Be3 Red8
30.Rad1 Bc6 31.Rxd8+ Nxd8 32.Rd1 Nb7 33.Bf2 Rd8 34.Rxd8+ Nxd8 35.Be3 Ne6
36.Kf2 Kf7 37.b4 Nc7 38.Bc1 Nb5 39.Ne2 Nd6 40.Ke3 Kg6 41.Kf4 Kf6 42.g4 Bd7
43.h4 h6 44.Nd4 Kg6 45.Nf3 Nc4 46.h5+ Kf6 47.Nh4 a5 48.Nf5 Bxf5 49.gxf5 axb4
50.axb4 b5 51.Ke4 Nd6+ 52.Kd5 Nxf5 53.Kc5 Ke6 54.Kxb5 Ng3 55.Kc6 Nxh5 56.b5 Nf6
57.b6 Nd7 58.b7 h5 59.Bf4 h4 60.Bd6 h3 61.Bg3 Ke7 62.Bh2 Ke8 63.Bd6 Kd8 64.Bg3 Ke7
65.Bh2 Ke8 66.Kc7 Ke7 67.Bd6+ Ke8 68.Bf4 Ke7 69.Bg3 Ke6 70.Kd8  1-0

[Event "Municipality Cup"]
[Site "Tbilisi GEO"]
[Date "2010.05.23"]
[Round "9"]
[White "Khotenashvili,B"]
[Black "Khazhomia,S"]
[Result "1-0"]
[WhiteElo "2410"]
[BlackElo "2136"]

1.Nf3 d5 2.c4 e6 3.g3 Nf6 4.Bg2 Be7 5.d4 O-O 6.Nc3 b6 7.O-O Bb7 8.cxd5 exd5
9.Ne5 c6 10.e4 Nbd7 11.Nxd7 Qxd7 12.e5 Ne8 13.f4 f5 14.a4 Nc7 15.b3 Ne6 16.Kh1 c5
17.dxc5 d4 18.Nb5 bxc5 19.Bxb7 Qxb7+ 20.Qf3 Qb6 21.Qd5 Kh8 22.Nd6 Bxd6 23.exd6 Rae8
24.Ba3 Nd8 25.d7 Re2 26.Rfe1 Qa6 27.Bxc5 Rg8 28.Bxd4 Ne6 29.Be5 Rc2 30.Bxg7+  1-0

[Event "2nd SCS Open"]
[Site "Bhubaneswar IND"]
[Date "2010.05.24"]
[Round "4"]
[White "Neelotpal,D"]
[Black "Kovalyov,A"]
[Result "1/2-1/2"]
[WhiteElo "2453"]
[BlackElo "2615"]

1.d4 Nf6 2.c4 e6 3.g3 d5 4.Nf3 Be7 5.Bg2 O-O 6.Qc2 c6 7.O-O b6 8.b3 Nbd7
9.Nbd2 Bb7 10.Bb2 Rc8 11.Rac1 c5 12.Qb1 dxc4 13.Nxc4 b5 14.Ncd2 Qb6 15.e3 Rfd8
16.Rfd1 a6 17.Qa1 Bd5 18.Ne1 Bxg2 19.Nxg2 Qb7 20.Qb1 cxd4 21.Rxc8 Rxc8 22.Bxd4 Bb4
23.Ne1 Nd5 24.Nef3 Ba3 25.Ne4 h6 26.Ne5 Nxe5 27.Bxe5 Qc6 28.g4 Bb4 29.Bb2 Qc2
30.a3 Ba5 31.Qxc2 Rxc2 32.Bd4 b4 33.Ra1 Rc6 34.Nd2 bxa3 35.Nc4 Bb4 36.Nxa3 Bxa3
37.Rxa3 Nc7 38.Ra4 Nb5 39.e4 f6 40.Be3 Kh7 41.Kg2 Nc3 42.Rb4 a5 43.Rb6 Rxb6
44.Bxb6 a4 45.bxa4 Nxa4 46.Bc7 Kg6 47.f4 f5 48.exf5+ exf5 49.h3 Nc5 50.Be5 Ne6
51.Kg3 h5 52.Kh4 hxg4 53.hxg4 Nc5 54.gxf5+ Kxf5 55.Bxg7 Ne6 56.Be5 Nxf4 57.Bxf4  1/2-1/2

[Event "2nd SCS Open"]
[Site "Bhubaneswar IND"]
[Date "2010.05.24"]
[Round "5"]
[White "Sangma,R"]
[Black "Kravtsiv,M"]
[Result "0-1"]
[WhiteElo "2358"]
[BlackElo "2546"]

1.d4 Nf6 2.c4 e6 3.g3 d5 4.Nf3 Be7 5.Bg2 O-O 6.O-O dxc4 7.Ne5 Nc6 8.Nxc6 bxc6
9.Na3 Bxa3 10.bxa3 Nd5 11.Qa4 Nb6 12.Qxc6 Rb8 13.Qc5 Bb7 14.e4 Qd7 15.Bf4 Rbc8
16.Rfd1 Rfd8 17.Rab1 Qa4 18.Rd2 h6 19.d5 exd5 20.Bh3 c3 21.Rd4 Qc2 22.Rc1 Qxa2
23.Bxc8 Rxc8 24.e5 Qe2 25.Qxc3 c5 26.Rd2 Qb5 27.e6 fxe6 28.Qe5 Qd7 29.Qd6 Qxd6
30.Bxd6 Nc4 31.Rxc4 dxc4 32.Rb2 Rd8 33.Rxb7 Rxd6 34.Rb5 Rd5 35.Rb1 c3 36.Rc1 Rd3
37.Kf1 Kf7 38.Ke2 c4 39.Rd1 Rxd1 40.Kxd1 e5 41.Kc2 Ke6 42.Kxc3 Kd5 43.f3 g5  0-1